00563 2200205 4500001002100000005001500021035002000036007000300056008004100059082001100100084001700111100002000128245008600148250001200234260003500246300002100281600003700302856000800339990001000347INLIS00000000000021620260226094223 a0010-0226000107ta260226 0  a297.01 a297.01 IMA m0 aIMAM AL-GHAZALI1 aMEMBERSIHKAN HATI DARI AKHAK TERCELA :bTERJEMAH KITAABUL ARBA'IIN FII USHULIDDIN aPERTAMA aSurabaya :bAMPEL MULIA,c2003 a127 hlm ;c21 cm 4aMEMBERSIHKAN DARI AKHLAK TERCELA a200 a1.133